[Event "GRE-chT 43rd"]
[Site "Porto Rio"]
[Date "2015.10.12"]
[Round "7.12"]
[White "Klidaras, Anastasios"]
[Black "Kasioumis, Vasilios"]
[Result "0-1"]
[WhiteElo "1131"]
[BlackElo "1739"]
[PlyCount "64"]
[EventDate "2015.10.08"]
[EventType "team-swiss"]
[EventRounds "7"]
[EventCountry "GRE"]
[SourceTitle "CBM 168 Extra"]
[Source "ChessBase"]
[SourceDate "2015.10.29"]
[SourceVersion "1"]
[SourceVersionDate "2015.10.29"]
[SourceQuality "1"]
[WhiteTeam "New Filadelfeias"]
[BlackTeam "Aigaleo"]
[WhiteTeamCountry "GRE"]
[BlackTeamCountry "GRE"]

1. e4 c5 2. d4 cxd4 3. c3 g6 4. cxd4 d5 5. e5 Bg7 6. Be3 Nh6 7. h3 0-0 8. g4 f6 9. exf6 exf6 10. Bg2 Nc6 11. Ne2 g5 12. Nbc3 Be6 13. Qb3 Na5 14. Qd1 f5 15. gxf5 Nxf5 16. b3 Nc6 17. 0-0 Qd7 18. Bxg5 Nfxd4 19. Rc1 Bxh3 20. Bxd5+ Kh8 21. Bxc6 Qxc6 22. f3 Nxf3+ 23. Rxf3 Qxf3 24. Nf4 Qg3+ 25. Kh1 Rxf4 26. Qg1 Qf3+ 27. Kh2 Be5 28. Qg3 Rf5 29. Qxe5+ Rxe5 30. Rg1 Rxg5 31. Rxg5 Rg8 32. Rxg8+ Kxg8 0-1

[Event "GRE-chT 43rd"]
[Site "Porto Rio"]
[Date "2015.10.11"]
[Round "6.11"]
[White "Hartofylakas, Spyros"]
[Black "Klidaras, Anastasios"]
[Result "0-1"]
[WhiteElo "1160"]
[BlackElo "1131"]
[PlyCount "130"]
[EventDate "2015.10.08"]
[EventType "team-swiss"]
[EventRounds "7"]
[EventCountry "GRE"]
[SourceTitle "CBM 168 Extra"]
[Source "ChessBase"]
[SourceDate "2015.10.29"]
[SourceVersion "1"]
[SourceVersionDate "2015.10.29"]
[SourceQuality "1"]
[WhiteTeam "Elefsinas STM"]
[BlackTeam "New Filadelfeias"]
[WhiteTeamCountry "GRE"]
[BlackTeamCountry "GRE"]

1. e4 e5 2. Nf3 Nc6 3. d4 exd4 4. Nxd4 Bb4+ 5. c3 Be7 6. Bc4 Nf6 7. f3 0-0 8. 0-0 Ne5 9. Bb3 Bc5 10. Kh1 b6 11. Bg5 Ba6 12. Rf2 Nxe4 13. fxe4 Qxg5 14. Rf5 Qe7 15. Nd2 g6 16. Rf2 Nd3 17. Rf3 Qe5 18. Nc2 Nf2+ 19. Rxf2 Bxf2 20. Nf3 Qe7 21. Qd2 Bc5 22. Qh6 Qf6 23. e5 Qg7 24. Qg5 Rae8 25. Nb4 Bb7 26. Nd5 Bxd5 27. Bxd5 c6 28. Be4 Be7 29. Qd2 d5 30. exd6 Bxd6 31. Bxc6 Rd8 32. Qc2 Qf6 33. Ba4 Bc5 34. Re1 Qd6 35. Re2 Qd3 36. Qxd3 Rxd3 37. Bb3 Rfd8 38. h3 Re3 39. Rc2 Rd1+ 40. Kh2 Bd6+ 41. g3 Rxf3 42. Kg2 Rxg3+ 43. Kf2 Rh1 44. a3 Rh2+ 45. Kf1 Rxc2 46. Bxc2 Rxh3 47. c4 Rh2 48. Ba4 Rxb2 49. c5 bxc5 50. Bc6 c4 51. Be4 Bxa3 52. Ke1 h5 53. Kd1 h4 54. Bf3 h3 55. Be4 h2 56. Bf3 h1Q+ 57. Bxh1 Rb1+ 58. Kc2 Rxh1 59. Kc3 g5 60. Kxc4 g4 61. Kb3 g3 62. Kc4 g2 63. Kd5 g1Q 64. Ke5 Qc5+ 65. Kf6 Rf1# 0-1

[Event "GRE-chT 43rd"]
[Site "Porto Rio"]
[Date "2015.10.08"]
[Round "2.10"]
[White "Klidaras, Anastasios"]
[Black "Papadopoulos, Spyridon"]
[Result "1/2-1/2"]
[WhiteElo "1131"]
[BlackElo "1338"]
[PlyCount "106"]
[EventDate "2015.10.08"]
[EventType "team-swiss"]
[EventRounds "7"]
[EventCountry "GRE"]
[SourceTitle "CBM 168 Extra"]
[Source "ChessBase"]
[SourceDate "2015.10.29"]
[SourceVersion "1"]
[SourceVersionDate "2015.10.29"]
[SourceQuality "1"]
[WhiteTeam "New Filadelfeias"]
[BlackTeam "Florinas OP"]
[WhiteTeamCountry "GRE"]
[BlackTeamCountry "GRE"]

1. e4 e5 2. Nf3 Nc6 3. Nc3 Nf6 4. d4 exd4 5. Nxd4 d6 6. Bb5 Bd7 7. Nxc6 Bxc6 8. Bxc6+ bxc6 9. 0-0 g6 10. Bg5 Bg7 11. Re1 0-0 12. Qf3 Re8 13. Rad1 Re6 14. e5 Qe8 15. Re3 dxe5 16. h3 h6 17. Bxf6 Bxf6 18. Ne4 Bg7 19. Red3 Rb8 20. Qe2 Kh7 21. b3 c5 22. Qe1 Qc6 23. Rd7 f5 24. Ng3 e4 25. Qd2 Kg8 26. Qd5 Be5 27. Qxc6 Rxc6 28. Rd8+ Rxd8 29. Rxd8+ Kf7 30. Rd1 Rd6 31. Rxd6 cxd6 32. Nf1 Bf4 33. Ne3 Bxe3 34. fxe3 Ke6 35. c3 Kd5 36. c4+ Ke5 37. g3 g5 38. Kf2 f4 39. a3 a5 40. h4 Kf5 41. hxg5 hxg5 42. gxf4 gxf4 43. exf4 Kxf4 44. Ke2 e3 45. Ke1 Ke4 46. Ke2 Kd4 47. b4 cxb4 48. axb4 axb4 49. c5 dxc5 50. Ke1 Kc3 51. Ke2 b3 52. Kxe3 b2 53. Ke4 b1Q+ 1/2-1/2